زاد الخطباء من أشعار البلغاء / (رقم التسجيلة. 113959)

تفاصيل مارك
000 -الفاتح
عناصر البيانات ثابتة الطول 00781cam a2200205 i 4500
005 - تاريخ ووقت آخر معاملة
حقل ضبط 20251223090034.0
008 - عناصر البيانات ثابتة الطول
عناصر البيانات ثابتة الطول 250721s9999 gr 000 0 ara d
082 14 - رقم تصنيف ديوي العشري
رقم التصنيف 218.5
رقم المادة ب ا د
100 1# - مدخل رئيسي – اسم شخصي
الاسم الشخصي بادحدح، علي عمر أحمد
علاقة الشخص بالعمل/ دوره مؤلف.
245 10 - بيان العنوان
العنوان زاد الخطباء من أشعار البلغاء /
بيان المسؤولية خطة واعداد واشراف د. علي عمر احمد بادحدح.
250 ## - بيان الطبعة
بيان الطبعة الطبعة الأولى.
264 31 - بيانات النشر، التوزيع…إلخ
مكان النشر، التوزيع...إلخ [غير معرف] :
اسم الناشر، الموزع...إلخ [غير معرف]،
تاريخ النشر، التوزيع...إلخ 2007.
300 ## - الوصف المادي
عدد الوحدات المكونة للوعاء 275 صفحة.
490 0# - بيان السلسلة
عنوان السلسلة موسوعة زاد الخطباء ؛
رقم الوعاء في السلسلة رقم 6.
650 17 - مدخل إضافي بالموضوع - مصطلح موضوعي
مصطلح موضوعي أو اسم جغرافي كعنصر مدخل الوعظ والارشاد.
650 17 - مدخل إضافي بالموضوع - مصطلح موضوعي
مصطلح موضوعي أو اسم جغرافي كعنصر مدخل الخطب.
830 #0 - مدخل إضافي بالسلسلة-عنوان مقنن
عنوان السلسسلة موسوعة زاد الخطباء.
942 ## - بيانات إضافية (كوها)
نوع التنصيف Dewey Decimal Classification
نوع المادة (كوها) كتب
المقتنيات
حالة السحب حالة الفقدان مصدر التصنيف حالة التلف غير قابل للإعارة المكتبة الرئيسية المكتبة الحالية موقع الرف تاريخ التزويد الرقم المتسلسل Total Checkouts رقم الإستدعاء الباركود تاريخ آخر ظهور تاريخ الفاتورة نوع المادة (كوها)
    Dewey Decimal Classification     المكتبة المركزية المكتبة المركزية الإعارة 28/07/2025 1217327   218.5 / ب ا د PLD00038411 28/07/2025 28/07/2025 كتب
Implemented & Customized by: BBB with SCIT (Smart Chains for Information Technology)

Powered by Koha